| 000 | 00625nam a2200193 i 4500 | ||
|---|---|---|---|
| 001 | 123889 | ||
| 003 | ES-MaACL | ||
| 005 | 20230906192253.0 | ||
| 007 | t| | ||
| 008 | 070214s1968 sp r ||||1| spa d | ||
| 100 | 1 |
_aRamos Carpio, Eduardo. _995292 |
|
| 245 | 1 | 0 |
_aCódigo de la circulación en forma de test / _cEduardo Ramos Carpio, José López Serrano. |
| 250 | _a1ª ed. | ||
| 260 |
_aBurgos : _b[s.n.], _c1968 ( _fHijos de Santiago Rodríguez) |
||
| 300 |
_a182 p. : _bil. ; _c23 cm. |
||
| 650 |
_aPermisos de conducir- _zEspaña. _9171684 |
||
| 700 | 1 |
_aLópez Serrano, José. _973982 |
|
| 852 |
_aES-MaACL _jC-46772 |
||
| 999 |
_c123889 _d123889 |
||